| 000 | 00536nam a2200217Ia 4500 | ||
|---|---|---|---|
| 003 | OSt | ||
| 005 | 20230601153350.0 | ||
| 008 | 210423s1981 xx 000 0 und d | ||
| 040 | _cAL | ||
| 041 | _aeng | ||
| 082 |
_a305.56 _223 _b HIRU |
||
| 100 |
_aHIRO (Dilip) _9118243 |
||
| 245 | _aUntouchables of india | ||
| 260 |
_aBangalore _bDalit Sahitya Academy _c1981 |
||
| 300 |
_a176 _bPB |
||
| 365 | _cINR | ||
| 650 |
_aSocial Classes _9118244 |
||
| 650 |
_aSociology _9118245 |
||
| 906 | _aindia ; Untouchables | ||
| 942 |
_2ddc _cBK |
||
| 999 |
_c174704 _d174704 |
||